Stateless People - Statistics

General Stats
  • This quiz has been taken 42 times
  • The average score is 7 of 13
Answer Stats
Hint Original Nationality Answer % Correct
Waited till 1932 to become a German citizen, just in time to seize the power Austria Adolf Hitler
100%
Physicist who was stateless 1896-1901 and later migrated to America Germany Albert Einstein
100%
Girl who hid from Nazis in occupied Amsterdam Germany Anne Frank
88%
Al-Qaeda leader who was denied citizenship in 1994 Saudi-Arabia Osama Bin Laden
85%
Founder of Communism who went to London and died there stateless Germany Karl Marx
79%
Shipping magnate and Jackie's husband who came to Argentina after the Greco-Turkish War Greece Aristotle Onassis
73%
Confederate Army commander who remained stateless after the Civil War USA Robert E. Lee
61%
"The Gulag Archipelago" author who was expelled in 1974 Soviet Union Aleksandr Solzhenitsyn
39%
"Superhuman" philosopher who renounced his citizenship Germany Friedrich Nietzsche
39%
WW2 bomber pilot who became a peace activist and created the World Passport USA Garry Davis
9%
Refugee from birth and descendant of the Russian Tsar - Nicholas Romanov
9%
War criminal and SS helper who went to America Soviet Union John Demnjanjuk
6%
Refugee whose story was depicted in "The Terminal" Iran Mehran Karimi Nasseri
6%
No matching quizzes found
Score Distribution
Percent of People with Each Score
Percentile by Number Answered
Your Score History
You have not taken this quiz